00579nam a2200217Ia 4500001000700000003000500007008004100012010001100053040000900064082001700073100001700090245008600107260003200193300001100225440000500236500001500241503000800256650002500264650002100289650005100310Z_4490CHAP220113s1984 xx 000 0 und d a167565 cCHAP a636.213 A55y aAllen, David aProducción planificada de vacuno de carne /cpor David Allen y Brian Kilkenny aZaragoza :bAcribia,c1984 a240 p. a aTrad. De : aC/E aCarnexProducción  aGanado de carne  aGanado vacunoxProducción I. Kilkenny, Brian